| 000 | 00474nam a2200193 a 4500 | ||
|---|---|---|---|
| 001 | BRCA_7381 | ||
| 005 | 20190320205820.0 | ||
| 008 | 150313s1924----gw-#######---#000-0#ger-# | ||
| 041 | _ager | ||
| 044 | _agw | ||
| 050 | 4 |
_aSF431 _b.A45 1924 |
|
| 245 | 1 | 0 | _aAllgemeiner Deutscher Rottweiler - Klub. |
| 260 |
_aStuttgart, Alemania _bH. Dittmar _c[1924?] |
||
| 300 | _a16 p. | ||
| 500 | _aQ86 | ||
| 650 | 1 | 4 |
_aPerros _xadiestramiento _917431 |
| 902 | _aGFM | ||
| 942 |
_2lcc _cB |
||
| 999 |
_c7057 _d7057 |
||